000 00987naa a22002657a 4500
001 BR8006002
003 BR-BrBNA
005 20250716093634.0
007 ta
008 250630b bl.|||m| |||| 00| 0 por d
040 _aBR-BrBNA
_bpor
_cBiblioteca Nacional de Agricultura
041 _a(Pt)
072 _aA50
_b/G514
090 _aA50 BR8006002
100 1 _aAlves, E.
245 1 _aO enfoque de sistemas na EMBRAPA [Empresa Brasileira de Pesquisa Agropecuaria]
500 _aColetanea de trabalhos sobre a EMBRAPA Brasilia, DF (Brasil): 1980. p. 45-51 (BR8006002-AMS)
773 0 _tColetanea de trabalhos sobre a EMBRAPA
_wA50 BR8006002
_gBrasilia, DF (Brasil), 1980. p. 45-51
650 _aPESQUISA AGRICOLA
650 _aINSTITUICAO DE PESQUISA
650 _aSISTEMA DE PRODUCAO
490 _aDocumentos - Empresa Brasileira de Pesquisa Agropecuaria. Depto. de Informacao e Documentacao (Brazil)
_vno. 1
942 _cAMS
_2AGRIS
909 _a202506
_bLúcia
_c55
_dLúcia Elande
999 _c333582
_d333582